000 00269nam a22001097a 4500
082 _a910
100 _aDey Babul
_980550
245 _aMapping The Indian Ocean
260 _aKolkata
_bInstitute of Social and Coltural Studies
_c2015
650 _aGeography
942 _cBK
999 _c63884
_d63884